000 00590nam a2200193Ia 4500
003 IN-BaIIA
008 211028s9999 xx 000 0 eng d
040 _cIIA Library
080 _a535.215.2
_bSMI
100 _aSmith, William V.
_92766
245 4 _aThe laser
_cWilliam V. Smith
260 _aNew York
_bMcGraw-Hill
_c1966
300 _aix,498p.
490 _aMcGraw-Hill physical and quantum electronics series
650 _aAstronomy and Astrophysics Thesaurus
650 _aLasers
_93580
650 _aLight Coherence
_94677
942 _cBK
999 _c2726
_d2726